Statistiques concernant 50 questions Culture générale - en 4 lettres

Cliquez ici pour prendre le quiz!

Statistiques générales

  • Ce quiz a été pris 387 fois
  • Le résultat moyen est 34 sur 50

Statistiques - réponses

DomaineQuestionRéponse% Correct
Langue"Tête" en anglais.Head
93%
GastronomiePeut être complet, perdu ou de seigle.Pain
93%
"Farfalle", "coquillette" ou "Macaroni" par exemple.Pâte
93%
Pronom personnel, 1er du pluriel.Nous
92%
MusiqueGroupe de musique Suédois interprète de "Dancing queen".Abba
91%
4ème planète en partant du soleil.Mars
89%
Salaire minimum en France.SMIC
89%
Teddy Rinner et David Douillet ont été champion dans ce sport.Judo
88%
On en rajoute un sur un croque monsieur pour en faire un croque madame.Oeuf
87%
Science / PhysiqueÉlément chimique de symbole Zn.Zinc
86%
Acronyme de l'agence fédérale responsable de la majeure partie du programme spatial civil des États-Unis.N.A.S.A
84%
Écrivain, auteur du célèbre "J'accuse", en 1898, lors de l’affaire Dreyfus.Zola
84%
HistoireUne loi porte le nom de cette femme, autorisant l'IVG en France depuis 1975.Veil
83%
Cinéma / télévisionActeur Américain, il a été marié à Jennifer Aniston et Angélina Jolie.Brad Pitt
82%
Nom du PDG de Tesla.Musk
82%
De son vrai nom Gandhi Djuna, il a commencé avec le groupe "Sexion d'assaut".Gims
81%
GéographieUne guerre débuta dans ce pays en 2003 avec l'invasion des Etats-Unis.Irak
81%
Louis Pasteur a découvert le vaccin contre cette maladie.Rage
81%
Elle était surnommé "la pucelle d'Orléans".Jeanne D'arc
80%
État fédéral transcontinental à régime communiste, dissoute le 26 décembre 1991.URSS
79%
Nom donné au stade le plus avancé du VIH.Sida
77%
"Chat" en espagnol.Gato
76%
Ville française, qui se trouve à la jonction du Rhône et de la Saône.Lyon
76%
SportFootballeur Brésilien, surnommé "le roi".Pelé
76%
Série avec comme acteur principal Adam, joué par Kev Adams, racontant la vie d'un groupe de jeunes.Soda
75%
Jeux VidéoEntreprise produisant la Playstation.Sony
75%
Petit champignon, ami de Mario.Toad
73%
Prénom d'un célèbre basketteur Français, longtemps marié à Eva Longoria.Tony
73%
Sa capitale est Bamako.Mali
72%
Nom de l'interprète de la bande original du film Titanic.Dion
70%
Monnaie utilisée en Estonie.Euro
69%
"Maison" en italien.Casa
68%
Sport d'équipe équestre pratiqué par deux équipes de quatre joueurs.Polo
68%
État insulaire des Caraïbes formé de l'île "principale", de l'île de la Jeunesse et de 4 095 cayes et îlots.Cuba
66%
Console lancé par Microsoft en 2002.Xbox
65%
Émission télévisée présentée par Cyril Feraud.Slam
57%
Nom porté par 2 présidents Américain.Bush
56%
Chanteur néerlandais, interprète de "Vanina" ou "Du coté de chez Swan".Dave
55%
Film réalisé par Luc Besson avec Scarlett Johansson et Morgan Freeman.Lucy
53%
Chef cuisinier français prénommé Thierry, sa cuisine s'inspire notamment de la gastronomie moléculaire.Marx
51%
Se dit d'une cuisson, 30 secondes à 1 minute à feu très vif, un aller-retour.Bleu
47%
Économie / TechnologieOrganisation intergouvernementale de pays visant à négocier avec les sociétés pétrolières pour tout ce qui touche à la production de pétrole, son prix et les futurs droits de concession.OPEP
43%
Nom de famille de "Chandler" dans la série Friend.Bing
40%
Capitale du Togo.Lome
38%
Rugbyman Néo-zélandais, décédé en 2015 et prénommé Jonah.Lomu
33%
"Chien" en allemand.Hund
32%
Elle a connue un succès planétaire en 1998 avec son tube "Believe".Cher
31%
Pokémon de type roche de la 1ère génération.Onix
26%
Prénom du héros masculin du jeu "The last of us".Joël
15%
Il représente le coût « tout compris » de votre crédit. Il est exprimé en pourcentage annuel du montant total du crédit.TAEG
11%

Distribution des résultats

Percentile par nombre de réponses

% des personnes avec chaque résultat

Votre développement - résultats

Vous n’avez pas pris ce quiz